000 00503nam a22002177a 4500
003 UA-OsUOA
001 106291
007 ta
008 20140512b un ||||| |||| 00| 0 ukr d
100 _aВоронков В.
090 _a32
_bВ75
942 _cSA
040 _aUA-OsUOA
_bukr
_cUA-OsUOA
_dUA-OsUOA
245 _a"Чорна п'ятниця" Одеси
300 _aС.8
955 _a0
041 _aukr
080 _a32
773 0 _w106290
650 7 _a32 Політика
_2UDC
999 _c392392
_d392392